[Event "Schachfestival Basel 2014"]
[Site "Basel"]
[Date "2014.01.02"]
[Round "2.22"]
[White "Degtiarev, Evgeny"]
[Black "Vianin, Pascal"]
[Result "1/2-1/2"]
[WhiteElo "2436"]
[BlackElo "2199"]
[PlyCount "80"]
[EventDate "2014.??.??"]
[EventRounds "7"]
[EventCountry "SUI"]
[SourceDate "2014.01.01"]

1. d4 Nf6 2. c4 e6 3. Nc3 Bb4 4. e3 b6 5. f3 O-O 6. e4 Ba6 7. Bd2 c5 8. d5 exd5
9. cxd5 Bxf1 10. Kxf1 d6 11. Nh3 Nbd7 12. Nf2 Ne5 13. Qe2 Re8 14. f4 Ng6 15.
Qf3 Qc8 16. g3 h5 17. h3 c4 18. Kg2 Bc5 19. Ncd1 Bd4 20. Bb4 Qd7 21. Re1 a5 22.
Bc3 Bxc3 23. Nxc3 b5 24. Ne2 Qa7 25. Kf1 h4 26. g4 Nxd5 27. exd5 Re3 28. Qh1
Rae8 29. f5 Ne5 30. Ng1 Nd3 31. Nxd3 cxd3 32. Qg2 Qd4 33. Rxe3 Rxe3 34. Rd1 Rg3
35. Qf2 Qxd5 36. a3 Qc4 37. Ke1 Qe4+ 38. Kf1 Qc4 39. Ke1 Qe4+ 40. Kf1 Qc4
1/2-1/2

[Event "Schachfestival Basel 2014"]
[Site "Basel"]
[Date "2014.01.02"]
[Round "2.23"]
[White "Cremer, Kevin"]
[Black "Kashlinskaya, Alina"]
[Result "0-1"]
[WhiteElo "2177"]
[BlackElo "2422"]
[PlyCount "60"]
[EventDate "2014.??.??"]
[EventRounds "7"]
[EventCountry "SUI"]
[SourceDate "2014.01.01"]

1. Nf3 Nf6 2. d4 g6 3. c3 Bg7 4. Bg5 c5 5. e3 O-O 6. Bd3 d6 7. O-O h6 8. Bh4
Nbd7 9. Nbd2 b6 10. Re1 Bb7 11. e4 Nh5 12. Qb3 g5 13. Bg3 Nxg3 14. hxg3 cxd4
15. cxd4 Rc8 16. g4 Nf6 17. Nh2 Qd7 18. Rac1 Rxc1 19. Rxc1 Rc8 20. Rxc8+ Qxc8
21. Qd1 Qe6 22. d5 Qc8 23. Nc4 Nxe4 24. Ne3 Nf6 25. Nf5 Bf8 26. Qe1 Qc7 27. Nf1
Bxd5 28. N1g3 e6 29. Nd4 Bg7 30. Qd2 Qc5 0-1

[Event "Schachfestival Basel 2014"]
[Site "Basel"]
[Date "2014.01.02"]
[Round "2.24"]
[White "Lekic, Dusan"]
[Black "Haener, Philippe"]
[Result "1-0"]
[WhiteElo "2417"]
[BlackElo "2169"]
[PlyCount "71"]
[EventDate "2014.??.??"]
[EventRounds "7"]
[EventCountry "SUI"]
[SourceDate "2014.01.01"]

1. c4 Nf6 2. Nc3 g6 3. g3 Bg7 4. Bg2 d6 5. d4 O-O 6. Nf3 Nbd7 7. O-O e5 8. h3
exd4 9. Nxd4 Nb6 10. b3 d5 11. c5 Nbd7 12. c6 Ne5 13. cxb7 Bxb7 14. Ba3 Re8 15.
Rc1 Bf8 16. Bxf8 Kxf8 17. Na4 Ned7 18. Qd2 Kg7 19. Nc6 Bxc6 20. Rxc6 Rc8 21.
Rfc1 Nb8 22. R6c2 c6 23. Qd4 Rc7 24. b4 Rce7 25. e3 a5 26. bxa5 Qxa5 27. Nc5
Qd8 28. a4 Rc7 29. a5 Qe7 30. a6 Ra7 31. Bf1 Kg8 32. Nb7 Rxa6 33. Bxa6 Nxa6 34.
Rxc6 Qxb7 35. Qxf6 Ra8 36. Rb6 1-0

[Event "Schachfestival Basel 2014"]
[Site "Basel"]
[Date "2014.01.02"]
[Round "2.25"]
[White "Engesser, Jonas"]
[Black "Loetscher, Roland"]
[Result "0-1"]
[WhiteElo "1847"]
[BlackElo "2412"]
[PlyCount "140"]
[EventDate "2014.??.??"]
[EventRounds "7"]
[EventCountry "SUI"]
[SourceDate "2014.01.01"]

1. e4 e5 2. Nf3 Nc6 3. Bb5 a6 4. Ba4 Nge7 5. c3 g6 6. d4 exd4 7. cxd4 b5 8. Bb3
Bg7 9. Nc3 O-O 10. O-O d6 11. h3 Na5 12. Bc2 Bb7 13. Re1 Rc8 14. Bg5 h6 15. Bf4
Re8 16. Re2 Nc4 17. Bb3 Na5 18. Bc2 Qd7 19. Qe1 Nc4 20. Bb3 Nc6 21. Bxc4 bxc4
22. Qd2 g5 23. Bg3 f5 24. exf5 Ne7 25. f6 Bxf6 26. Ne4 Bg7 27. Rae1 Nf5 28. Qc2
Bd5 29. Nf6+ Bxf6 30. Rxe8+ Rxe8 31. Rxe8+ Qxe8 32. Qxf5 Qe6 33. Qc2 Qe4 34.
Qd2 Qb1+ 35. Kh2 Qxa2 36. Qc2 Kg7 37. h4 Bxf3 38. hxg5 hxg5 39. gxf3 Bxd4 40.
Qf5 Qxb2 41. Qxg5+ Kf7 42. Qd5+ Ke7 43. Qxc4 Qb6 44. Qg8 Kd7 45. Qg4+ Kc6 46.
Qe4+ Kc5 47. Qc2+ Kd5 48. Qe4+ Kc4 49. Qe2+ Kb4 50. Bf4 a5 51. Bd2+ Kc5 52. Be3
Bxe3 53. Qxe3+ Kc6 54. Qe4+ d5 55. Qe6+ Kc5 56. Qe3+ d4 57. Qc1+ Kd5 58. Qg5+
Kc6 59. f4 Qc5 60. Qg6+ Qd6 61. Qc2+ Kb6 62. Qb2+ Ka6 63. Qe2+ d3 64. Qd2 c5
65. Kg3 c4 66. Kf3 Qd4 67. f5 c3 68. Qh6+ Kb5 69. f6 d2 70. Qh5+ Kb4 0-1

[Event "Schachfestival Basel 2014"]
[Site "Basel"]
[Date "2014.01.02"]
[Round "2.26"]
[White "Viennot, Dylan"]
[Black "Pelletier, Yannick"]
[Result "0-1"]
[WhiteElo "2237"]
[BlackElo "2576"]
[PlyCount "62"]
[EventDate "2014.??.??"]
[EventRounds "7"]
[EventCountry "SUI"]
[SourceDate "2014.01.01"]

1. e4 e6 2. d4 d5 3. e5 c5 4. Nf3 Nc6 5. Bd3 cxd4 6. O-O f6 7. Bb5 Bd7 8. Bxc6
bxc6 9. Qxd4 c5 10. Qh4 f5 11. Bg5 Be7 12. g4 Nh6 13. Qh5+ Nf7 14. Bxe7 Qxe7
15. gxf5 exf5 16. Re1 Be6 17. Nc3 g6 18. Qh4 Qxh4 19. Nxh4 Ke7 20. Rad1 Rhd8
21. f4 Rab8 22. b3 Rb4 23. Ng2 g5 24. a3 Rbb8 25. Rd2 d4 26. Na4 Rbc8 27. b4
cxb4 28. axb4 gxf4 29. h4 Rg8 30. Kf2 Rg4 31. Ree2 f3 0-1

[Event "Schachfestival Basel 2014"]
[Site "Basel"]
[Date "2014.01.02"]
[Round "2.27"]
[White "Maier, Christian"]
[Black "Rahnfeld, Jens"]
[Result "1-0"]
[WhiteElo "2366"]
[BlackElo "2047"]
[PlyCount "95"]
[EventDate "2014.??.??"]
[EventRounds "7"]
[EventCountry "SUI"]
[SourceDate "2014.01.01"]

1. e4 e6 2. d4 d5 3. Nc3 Bb4 4. exd5 exd5 5. Bd3 Nc6 6. a3 Ba5 7. Nge2 Nge7 8.
O-O Bb6 9. Be3 O-O 10. Na4 Bf5 11. Ng3 Bxd3 12. Qxd3 Qd7 13. Rfe1 f5 14. Nxb6
axb6 15. Bf4 Ng6 16. Nh5 Rae8 17. f3 Qf7 18. Qd2 Nd8 19. Ng3 Ne6 20. Ne2 Qf6
21. Rad1 Re7 22. Be5 Nxe5 23. dxe5 Qxe5 24. Nc3 Qd6 25. Qxd5 Qxd5 26. Nxd5 Ree8
27. Re5 g6 28. c4 Kf7 29. Rde1 Rh8 30. h4 h5 31. Kf1 Rhf8 32. R1e3 Rg8 33. b4
c6 34. Nxb6 Nd4 35. Rxe8 Rxe8 36. Rd3 Nc2 37. Kf2 f4 38. c5 Ke6 39. Nc4 Kf6 40.
Rd6+ Re6 41. Rd8 Re1 42. Rf8+ Kg7 43. Rxf4 Ra1 44. Kg3 Nxa3 45. Nd6 Rb1 46.
Rf7+ Kg8 47. Rxb7 Nc2 48. b5 1-0

[Event "Schachfestival Basel 2014"]
[Site "Basel"]
[Date "2014.01.02"]
[Round "2.28"]
[White "Kern, Johannes"]
[Black "Faraone, Ettore"]
[Result "1-0"]
[WhiteElo "2280"]
[BlackElo "2074"]
[PlyCount "81"]
[EventDate "2014.??.??"]
[EventRounds "7"]
[EventCountry "SUI"]
[SourceDate "2014.01.01"]

1. e3 Nf6 2. f4 Nc6 3. Nf3 d5 4. Bb5 Bg4 5. O-O a6 6. Bxc6+ bxc6 7. b3 d4 8. h3
Bxf3 9. Qxf3 Qd7 10. Bb2 dxe3 11. dxe3 Qd5 12. Qe2 Ne4 13. Rd1 Qb5 14. Qf3 f5
15. Na3 Qc5 16. Nc4 Nd6 17. Ba3 Qb5 18. Ne5 g6 19. Nxc6 Bg7 20. c4 Qb7 21. Rac1
Ne4 22. Nd4 Kf7 23. g4 c5 24. Ne2 e6 25. Bxc5 Rad8 26. Bd4 Rd7 27. Bxg7 Kxg7
28. Nd4 Kf7 29. c5 Rd5 30. c6 Qc7 31. gxf5 exf5 32. Qe2 Kf6 33. Qb2 Kf7 34.
Nxf5 Rxd1+ 35. Rxd1 Nf6 36. Nh6+ Ke6 37. Ng4 Rf8 38. Qe5+ Qxe5 39. Nxe5 Nd5 40.
Nd7 Rf7 41. Rxd5 1-0

[Event "Schachfestival Basel 2014"]
[Site "Basel"]
[Date "2014.01.02"]
[Round "2.29"]
[White "Maeurer, Christoph"]
[Black "Viaggi, Stefano"]
[Result "1/2-1/2"]
[WhiteElo "2277"]
[BlackElo "2033"]
[PlyCount "138"]
[EventDate "2014.??.??"]
[EventRounds "7"]
[EventCountry "SUI"]
[SourceDate "2014.01.01"]

1. Nf3 g6 2. c4 Bg7 3. d4 d6 4. Nc3 Nd7 5. e4 c6 6. Be2 a6 7. Be3 Ngf6 8. Nd2
e5 9. d5 O-O 10. g4 Ne8 11. h4 h6 12. h5 g5 13. f3 c5 14. a3 a5 15. O-O Nc7 16.
Qc2 Na6 17. b3 Re8 18. Qb2 Nf6 19. Na2 Bd7 20. b4 Qc8 21. bxa5 Nxg4 22. fxg4
Bxg4 23. Nb3 Bh3 24. Rf2 f5 25. exf5 Bxf5 26. Raf1 Bh3 27. Qc1 Bxf1 28. Qxf1
Rf8 29. Rxf8+ Qxf8 30. Qxf8+ Kxf8 31. Nc3 Ke7 32. Ne4 Nb8 33. Ng3 Bf8 34. Bd2
Nd7 35. Bg4 Nf6 36. Be6 Ne8 37. Kf2 Ng7 38. Bg4 Rb8 39. Ne4 Ne8 40. Be6 Nf6 41.
Ng3 b5 42. axb6 Rxb6 43. Na5 Rb2 44. Ke1 Ra2 45. Bc1 Ke8 46. Kd1 Rg2 47. Ne2
Nxh5 48. a4 Nf4 49. Nc3 g4 50. Nc6 g3 51. Be3 Nd3 52. Ne4 Be7 53. Nxe7 Kxe7 54.
Bxh6 Nb2+ 55. Ke1 Nxc4 56. Bg5+ Kf8 57. Kf1 Ra2 58. Nxg3 Rxa4 59. Bh6+ Ke8 60.
Nf5 Kd8 61. Bf8 Kc7 62. Ke2 Ra3 63. Ng7 Kd8 64. Nf5 Kc7 65. Ng7 Ra8 66. Be7 Kb6
67. Nf5 Kc7 68. Kd3 Ra4 69. Ng7 Nb6 1/2-1/2

[Event "Schachfestival Basel 2014"]
[Site "Basel"]
[Date "2014.01.02"]
[Round "2.30"]
[White "Meier, Volker"]
[Black "Goettelmann, Guillaume"]
[Result "1-0"]
[WhiteElo "2264"]
[BlackElo "2045"]
[PlyCount "91"]
[EventDate "2014.??.??"]
[EventRounds "7"]
[EventCountry "SUI"]
[SourceDate "2014.01.01"]

1. e4 e5 2. Nf3 Nc6 3. Bb5 f5 4. d3 fxe4 5. dxe4 Nf6 6. O-O Bc5 7. Bxc6 bxc6 8.
Nxe5 O-O 9. Bg5 Qe8 10. Bxf6 Rxf6 11. Nd3 Bd4 12. Nd2 d5 13. exd5 cxd5 14. Nb3
Bb6 15. Nbc5 Qf8 16. b4 a5 17. a3 Bf5 18. Qd2 axb4 19. axb4 Rxa1 20. Rxa1 h6
21. Re1 c6 22. g3 Qf7 23. Qe2 Be4 24. Nxe4 dxe4 25. Nc5 Bxc5 26. bxc5 Qd5 27.
Qxe4 Qxc5 28. Re2 Qd6 29. Kg2 Qf8 30. h4 Qc5 31. c4 Qf8 32. Ra2 Kh8 33. h5 Qc8
34. Ra7 Qf8 35. f4 Rf7 36. Ra6 Re7 37. Qxc6 Qf7 38. Ra8+ Kh7 39. Qd5 Qxd5+ 40.
cxd5 Rd7 41. Ra5 Kg8 42. Kf3 Kf7 43. Ke4 Kf6 44. Ra6+ Kf7 45. Ke5 Rb7 46. Rc6
1-0

[Event "Schachfestival Basel 2014"]
[Site "Basel"]
[Date "2014.01.02"]
[Round "2.31"]
[White "Stankovic, Zeljko"]
[Black "Hess, Max"]
[Result "0-1"]
[WhiteElo "2239"]
[BlackElo "2005"]
[PlyCount "116"]
[EventDate "2014.??.??"]
[EventRounds "7"]
[EventCountry "SUI"]
[SourceDate "2014.01.01"]

1. d4 Nf6 2. c4 g6 3. Nc3 Bg7 4. e4 d6 5. h3 O-O 6. Bg5 Na6 7. Bd3 e5 8. d5 c6
9. Nge2 Nc5 10. Bc2 cxd5 11. exd5 a5 12. O-O Bd7 13. Qd2 Qe8 14. Be3 Nh5 15.
Rfe1 f5 16. f4 Rc8 17. Rad1 Na6 18. b3 g5 19. fxe5 f4 20. e6 fxe3 21. Qxe3 Qe7
22. Qd3 Bxc3 23. exd7 Bxe1 24. dxc8=Q Bf2+ 25. Kf1 Rxc8 26. Kxf2 Nb4 27. Qxh7+
Qxh7 28. Bxh7+ Kxh7 29. Nd4 Nf4 30. Nb5 Rd8 31. Kf3 Nbd3 32. h4 Ne5+ 33. Ke4
Nfd3 34. Rxd3 Nxd3 35. Kxd3 gxh4 36. Ke4 Kg6 37. Kf4 Kh5 38. Kf5 Rg8 39. Nxd6
Rxg2 40. Ne4 h3 41. d6 Rg7 42. Ke6 h2 43. d7 Rxd7 44. Kxd7 Kh4 45. Nf2 Kg3 46.
Nh1+ Kg2 47. Kc7 Kxh1 48. Kxb7 Kg2 49. c5 h1=Q 50. c6 Kg3 51. Kb6 Kf4 52. a3
Ke5 53. b4 axb4 54. axb4 Kd6 55. b5 Qg1+ 56. Kb7 Qg7+ 57. Kb8 Qc7+ 58. Ka8 Qa5+
0-1

[Event "Schachfestival Basel 2014"]
[Site "Basel"]
[Date "2014.01.02"]
[Round "2.32"]
[White "Braeunlin, Klaus"]
[Black "Perman, Torvald"]
[Result "1-0"]
[WhiteElo "2132"]
[BlackElo "2015"]
[PlyCount "77"]
[EventDate "2014.??.??"]
[EventRounds "7"]
[EventCountry "SUI"]
[SourceDate "2014.01.01"]

1. e4 c5 2. Nf3 e6 3. g3 Nc6 4. Bg2 Nf6 5. Nc3 d5 6. exd5 exd5 7. d4 cxd4 8.
Nxd4 Bb4 9. O-O O-O 10. Nce2 Re8 11. c3 Be7 12. Qc2 Bg4 13. f3 Bh5 14. Bf4 Qd7
15. Qd2 Bg6 16. Kh1 h6 17. b3 Rac8 18. Be3 Bd6 19. Nf4 Bxf4 20. Bxf4 Nxd4 21.
Qxd4 Qb5 22. Rfe1 Rxe1+ 23. Rxe1 Re8 24. Rxe8+ Qxe8 25. Qe3 Qc6 26. Be5 a6 27.
Bd4 Bb1 28. Qe2 Bg6 29. Kg1 Kf8 30. Bh3 h5 31. Bf1 b5 32. Qe5 Kg8 33. Qe7 Kh7
34. Kf2 Kg8 35. b4 Bb1 36. a3 Ba2 37. Bd3 Bc4 38. Qd8+ Ne8 39. Bf5 1-0

[Event "Schachfestival Basel 2014"]
[Site "Basel"]
[Date "2014.01.02"]
[Round "2.33"]
[White "Boesch, Udo"]
[Black "Schwierskott, Marc"]
[Result "1-0"]
[WhiteElo "2081"]
[BlackElo "2237"]
[PlyCount "79"]
[EventDate "2014.??.??"]
[EventRounds "7"]
[EventCountry "SUI"]
[SourceDate "2014.01.01"]

1. c4 e5 2. g3 f5 3. Nc3 Nf6 4. Bg2 Nc6 5. a3 a5 6. d3 Bc5 7. e3 O-O 8. Nge2
Ba7 9. O-O d6 10. Rb1 Be6 11. b4 axb4 12. axb4 Qd7 13. Bd2 d5 14. c5 Ne7 15. d4
e4 16. b5 Bb8 17. Qb3 g5 18. Na4 Qc8 19. Ra1 Qe8 20. Nac3 Rxa1 21. Rxa1 Qh5 22.
Ra8 Ng4 23. h3 Nf6 24. c6 f4 25. g4 Nxg4 26. hxg4 Qxg4 27. exf4 Ng6 28. f5 Qxf5
29. Be3 Nh4 30. Ng3 Qf7 31. Qd1 g4 32. Bh1 Nf3+ 33. Bxf3 exf3 34. Bh6 Re8 35.
Qd2 Qg6 36. Qg5 Qxg5 37. Bxg5 Kf7 38. Nf1 Kg6 39. Bf4 Rd8 40. Rxb8 1-0

[Event "Schachfestival Basel 2014"]
[Site "Basel"]
[Date "2014.01.02"]
[Round "2.34"]
[White "Seidler, Lukas"]
[Black "Naarden, Amindo"]
[Result "1-0"]
[WhiteElo "2168"]
[BlackElo "2100"]
[PlyCount "101"]
[EventDate "2014.??.??"]
[EventRounds "7"]
[EventCountry "SUI"]
[SourceDate "2014.01.01"]

1. e4 c6 2. d4 d5 3. Nc3 dxe4 4. Nxe4 Nf6 5. Nxf6+ exf6 6. Nf3 Be6 7. Be2 Bd6
8. O-O O-O 9. b3 Qc7 10. Bb2 Nd7 11. c4 Rad8 12. Qc2 Rfe8 13. Rad1 Nf8 14. Rfe1
Bb4 15. Bc3 Bf5 16. Bd3 Bxd3 17. Qxd3 Rxe1+ 18. Rxe1 Bxc3 19. Qxc3 Ne6 20. Re2
h6 21. Kf1 Qf4 22. Qe3 Qg4 23. h3 Qf5 24. Qe4 Qa5 25. Rd2 Ng5 26. Qe3 Nxf3 27.
gxf3 Qf5 28. Kg2 a6 29. Kh2 g5 30. Qe4 Qa5 31. Qd3 Kg7 32. d5 cxd5 33. cxd5 Rd6
34. Qd4 Kg6 35. Kg2 Qb5 36. Qe4+ Kg7 37. h4 Qd7 38. h5 f5 39. Qd4+ f6 40. Qd3
Qf7 41. Qxf5 Qxh5 42. Rc2 Qf7 43. Qc8 Qxd5 44. Rc7+ Kg6 45. Qe8+ Kf5 46. Rc5
Qe5 47. Rxe5+ fxe5 48. Qf8+ Rf6 49. Qc8+ Re6 50. Qxb7 h5 51. Qf7+ 1-0

[Event "Schachfestival Basel 2014"]
[Site "Basel"]
[Date "2014.01.02"]
[Round "2.35"]
[White "Wittke, Christian"]
[Black "Staechelin, Ruedi"]
[Result "1/2-1/2"]
[WhiteElo "2168"]
[BlackElo "2081"]
[PlyCount "96"]
[EventDate "2014.??.??"]
[EventRounds "7"]
[EventCountry "SUI"]
[SourceDate "2014.01.01"]

1. d4 d5 2. c4 c6 3. Nf3 Nf6 4. Nc3 a6 5. e3 b5 6. cxd5 cxd5 7. Bd3 Bg4 8. h3
Bh5 9. e4 e6 10. e5 Nfd7 11. O-O Nc6 12. Be3 Bg6 13. Rc1 Bxd3 14. Qxd3 Qb6 15.
Ng5 Nb4 16. Qb1 h6 17. Nf3 Be7 18. Ne2 O-O 19. Nf4 Rfc8 20. Nh5 Qd8 21. Nh2
Rxc1 22. Rxc1 Rc8 23. a3 Nc6 24. Ng4 Bf8 25. Qd3 Ne7 26. Bxh6 Nf5 27. Rxc8 Qxc8
28. Bd2 Qc4 29. Qxc4 bxc4 30. Bc3 Nb6 31. Ne3 Nxe3 32. fxe3 Na4 33. Kf1 Bxa3
34. Ke1 Bxb2 35. Bxb2 Nxb2 36. Kd2 Na4 37. Ng3 a5 38. e4 g6 39. exd5 exd5 40.
Nf1 Nb6 41. Ne3 Kf8 42. h4 Ke7 43. g4 Ke6 44. h5 gxh5 45. gxh5 Nd7 46. h6 Nf8
47. Kc3 Nh7 48. Kc2 Ng5 1/2-1/2

[Event "Schachfestival Basel 2014"]
[Site "Basel"]
[Date "2014.01.02"]
[Round "2.37"]
[White "Budisin, Stanislav"]
[Black "Kaspereit, Holger"]
[Result "1/2-1/2"]
[WhiteElo "2149"]
[BlackElo "2070"]
[PlyCount "72"]
[EventDate "2014.??.??"]
[EventRounds "7"]
[EventCountry "SUI"]
[SourceDate "2014.01.01"]

1. d4 d5 2. Nf3 Nc6 3. g3 Bf5 4. Bg2 e6 5. O-O Nf6 6. b3 Be7 7. Bb2 Nb4 8. Ne1
O-O 9. a3 Na6 10. c4 c6 11. Nc3 Nc7 12. Nd3 Ne4 13. Nxe4 dxe4 14. Ne1 Bf6 15.
Ra2 Qe7 16. Nc2 Rfd8 17. Qa1 Rd7 18. Ne3 Rad8 19. Nxf5 exf5 20. e3 g6 21. Bc3
b6 22. Re2 Ne6 23. h4 Ng7 24. a4 a5 25. Qe1 c5 26. d5 Bxc3 27. Qxc3 Nh5 28. Kh2
Qd6 29. Bh3 Re7 30. Kg2 Qf6 31. Qe1 h6 32. Rd2 Rd6 33. Qd1 Qe5 34. Qa1 Qxa1 35.
Rxa1 Nf6 36. Kg1 h5 1/2-1/2

[Event "Schachfestival Basel 2014"]
[Site "Basel"]
[Date "2014.01.02"]
[Round "2.38"]
[White "Schmitz, Andreas Arnold"]
[Black "Buttenmueller, Thomas"]
[Result "1/2-1/2"]
[WhiteElo "2067"]
[BlackElo "2143"]
[PlyCount "110"]
[EventDate "2014.??.??"]
[EventRounds "7"]
[EventCountry "SUI"]
[SourceDate "2014.01.01"]

1. e4 c5 2. c3 Nf6 3. e5 Nd5 4. d4 cxd4 5. cxd4 d6 6. Nf3 Nc6 7. Bc4 Nb6 8. Bb3
dxe5 9. Nxe5 Nxe5 10. dxe5 Qxd1+ 11. Bxd1 Bd7 12. Nc3 Bc6 13. O-O e6 14. Bb3
Bc5 15. Re1 Rd8 16. Be3 Bxe3 17. Rxe3 Ke7 18. f4 Rd2 19. Re2 Rhd8 20. Rae1 R2d4
21. g3 a5 22. a3 g6 23. Kf2 Nd7 24. Rd1 Rxd1 25. Bxd1 Nc5 26. Bc2 b5 27. b4
axb4 28. axb4 Na6 29. Be4 Be8 30. Na2 f6 31. Bb7 Nb8 32. exf6+ Kxf6 33. Nc3 Bc6
34. Bxc6 Nxc6 35. Nxb5 Nxb4 36. Nc7 Nd3+ 37. Ke3 e5 38. Rd2 exf4+ 39. gxf4 Rd7
40. Nb5 Nc5 41. Rxd7 Nxd7 42. Nd4 Nc5 43. h3 Nb7 44. Kf3 Nd6 45. Kg4 Ne8 46. f5
h5+ 47. Kh4 gxf5 48. Kxh5 Ng7+ 49. Kh4 Ke5 50. Nxf5 Kxf5 51. Kg3 Nh5+ 52. Kf3
Nf4 53. h4 Nh5 54. Ke3 Kg4 55. Kd4 Kxh4 1/2-1/2

[Event "Schachfestival Basel 2014"]
[Site "Basel"]
[Date "2014.01.02"]
[Round "2.39"]
[White "Eidinger, Helmut"]
[Black "Ernst, Rolf"]
[Result "0-1"]
[WhiteElo "2143"]
[BlackElo "2068"]
[PlyCount "132"]
[EventDate "2014.??.??"]
[EventRounds "7"]
[EventCountry "SUI"]
[SourceDate "2014.01.01"]

1. c4 Nf6 2. Nc3 d5 3. cxd5 Nxd5 4. g3 g6 5. Bg2 c6 6. Nf3 Bg7 7. d4 O-O 8. O-O
Nb6 9. Bf4 Bg4 10. Ne5 Be6 11. Re1 f6 12. Nf3 Na6 13. e4 Bf7 14. Rc1 Qd7 15. b3
Rac8 16. Qe2 Nc7 17. Rcd1 Rfe8 18. h4 Rcd8 19. Nb1 Be6 20. Nbd2 Bg4 21. Nc4 Kf8
22. Kh2 Ne6 23. Be3 Nc8 24. Qd2 b6 25. Qc2 Qb7 26. Rd2 Nd6 27. Ng1 Nc7 28. e5
Nc8 29. Nh3 Bf5 30. Qc1 Nd5 31. Nf4 Nxf4 32. Bxf4 Be6 33. exf6 exf6 34. Nd6
Nxd6 35. Bxc6 Qf7 36. Bxe8 Nxe8 37. Rde2 Bg4 38. Qa3+ Kg8 39. Re7 Bf8 40. Rxf7
Bxa3 41. Rxa7 Bf8 42. Rb7 h6 43. Rxb6 g5 44. Be3 Bf3 45. a4 Bd6 46. hxg5 hxg5
47. Kg1 Kf7 48. Bc1 Nc7 49. Re3 Ba8 50. Rd3 Nd5 51. Ra6 Kg6 52. Rd1 Nc3 53. Re1
Bd5 54. f4 g4 55. Bb2 Ne4 56. Ra5 Nd2 57. Re2 Nf3+ 58. Kf2 Bxb3 59. Re3 Bf7 60.
d5 Rc8 61. Rb3 Bc5+ 62. Ke2 Bxd5 63. Rc3 Re8+ 64. Kd1 Re1+ 65. Kc2 Be4+ 66. Kb3
Nd2+ 0-1

[Event "Schachfestival Basel 2014"]
[Site "Basel"]
[Date "2014.01.02"]
[Round "2.40"]
[White "Ditzler, Juerg"]
[Black "Orizondo, Hugo"]
[Result "0-1"]
[WhiteElo "2053"]
[BlackElo "2140"]
[PlyCount "56"]
[EventDate "2014.??.??"]
[EventRounds "7"]
[EventCountry "SUI"]
[SourceDate "2014.01.01"]

1. Nf3 Nf6 2. d4 d5 3. c4 e6 4. g3 dxc4 5. Bg2 c5 6. O-O Nc6 7. Qa4 Bd7 8. Qxc4
b5 9. Qb3 cxd4 10. Rd1 e5 11. e3 Na5 12. Qc2 Rc8 13. Qe2 d3 14. Qf1 e4 15. Ng5
Bc6 16. Nc3 Qe7 17. f3 exf3 18. Bxf3 b4 19. Bxc6+ Nxc6 20. Nb5 Qe5 21. Nd4 Qxg5
22. Nxc6 Rxc6 23. Qf3 Qd5 24. e4 Bc5+ 25. Kf1 Qd4 26. Rxd3 Qg1+ 27. Ke2 Qxh2+
28. Kf1 O-O 0-1

[Event "Schachfestival Basel 2014"]
[Site "Basel"]
[Date "2014.01.02"]
[Round "2.41"]
[White "Wirz, Heinz"]
[Black "Haenggi, Markus"]
[Result "1-0"]
[WhiteElo "2140"]
[BlackElo "2062"]
[PlyCount "57"]
[EventDate "2014.??.??"]
[EventRounds "7"]
[EventCountry "SUI"]
[SourceDate "2014.01.01"]

1. d4 d5 2. Bf4 Bf5 3. Nf3 Nf6 4. e3 e6 5. c4 Bxb1 6. Rxb1 Bb4+ 7. Ke2 O-O 8.
c5 c6 9. Qb3 Na6 10. Bd6 Ne4 11. Bxf8 Qxf8 12. a3 Bxc5 13. Qxb7 Rb8 14. Qxa6
Bxa3 15. Nd2 Nxd2 16. Kxd2 Qb4+ 17. Ke2 Bxb2 18. Kf3 c5 19. Bd3 cxd4 20. Rhc1
g6 21. Rc8+ Kg7 22. Rxb8 Qxb8 23. Qa2 Qxh2 24. Qxb2 e5 25. g3 e4+ 26. Ke2 Qh5+
27. Kd2 Qf3 28. Qxd4+ Kh6 29. Be2 1-0

[Event "Schachfestival Basel 2014"]
[Site "Basel"]
[Date "2014.01.02"]
[Round "2.42"]
[White "Deubelbeiss, Rene"]
[Black "Beyer, Felix"]
[Result "0-1"]
[WhiteElo "2046"]
[BlackElo "2136"]
[PlyCount "55"]
[EventDate "2014.??.??"]
[EventRounds "7"]
[EventCountry "SUI"]
[SourceDate "2014.01.01"]

1. c4 b6 2. Nc3 Bb7 3. e4 e6 4. d3 Bb4 5. Qg4 Qf6 6. Bd2 Nc6 7. O-O-O Nge7 8.
Qg3 d6 9. Nge2 Qg6 10. a3 Bxc3 11. Bxc3 e5 12. b4 a6 13. f4 Qxg3 14. Nxg3 Nd4
15. Bxd4 exd4 16. Be2 O-O 17. Bf3 c5 18. Kb2 Rfd8 19. Rhf1 b5 20. Rc1 Rdc8 21.
Rf2 bxc4 22. Rxc4 Bc6 23. e5 Bxf3 24. Rxf3 dxe5 25. bxc5 Rab8+ 26. Rb4 Nd5 27.
Rxb8 Rxb8+ 28. Ka2 0-1

[Event "Schachfestival Basel 2014"]
[Site "Basel"]
[Date "2014.01.02"]
[Round "2.43"]
[White "Jud, Marc"]
[Black "Michaelis, Nico"]
[Result "1/2-1/2"]
[WhiteElo "2036"]
[BlackElo "2128"]
[PlyCount "77"]
[EventDate "2014.??.??"]
[EventRounds "7"]
[EventCountry "SUI"]
[SourceDate "2014.01.01"]

1. Nf3 Nf6 2. d4 d5 3. g3 Bg4 4. Bg2 Bxf3 5. Bxf3 e6 6. O-O Bd6 7. c4 c6 8.
cxd5 exd5 9. Qb3 Qb6 10. Qxb6 axb6 11. Bg5 Nbd7 12. Nc3 h6 13. Bd2 b5 14. a4
bxa4 15. Rxa4 Rxa4 16. Nxa4 O-O 17. Rc1 Ra8 18. b3 Kf8 19. Kf1 Ke7 20. Ke1 Ba3
21. Rb1 b5 22. Nc3 Bd6 23. e4 dxe4 24. Nxe4 Nd5 25. Nc3 N7f6 26. Bxd5 Nxd5 27.
Nxd5+ cxd5 28. Bc3 Ke6 29. Ra1 Rxa1+ 30. Bxa1 g5 31. Ke2 Kf5 32. h3 h5 33. Kf3
g4+ 34. hxg4+ hxg4+ 35. Ke3 Bb4 36. Bb2 Kg5 37. Bc1 Kf5 38. Kd3 Be1 39. Ke2
1/2-1/2

[Event "Schachfestival Basel 2014"]
[Site "Basel"]
[Date "2014.01.02"]
[Round "2.44"]
[White "Stahl, Clement"]
[Black "Bender, Dirk"]
[Result "1-0"]
[WhiteElo "2127"]
[BlackElo "2058"]
[PlyCount "49"]
[EventDate "2014.??.??"]
[EventRounds "7"]
[EventCountry "SUI"]
[SourceDate "2014.01.01"]

1. e4 c5 2. Nf3 g6 3. Nc3 Bg7 4. d4 cxd4 5. Nxd4 Nc6 6. Be3 d6 7. Bc4 Nf6 8. f3
Qb6 9. Ncb5 Qd8 10. Qd2 a6 11. Nc3 Nxd4 12. Bxd4 O-O 13. O-O-O Bd7 14. Bb3 b5
15. h4 h5 16. g4 hxg4 17. h5 e5 18. Be3 Nxh5 19. Bg5 Bf6 20. Bxf6 Qxf6 21. Nd5
Qg7 22. Qg5 g3 23. Rxh5 Rfd8 24. Nf6+ Kf8 25. Rh7 1-0

[Event "Schachfestival Basel 2014"]
[Site "Basel"]
[Date "2014.01.02"]
[Round "2.46"]
[White "Tueckmantel, Rene"]
[Black "Paul, Mathias"]
[Result "1-0"]
[WhiteElo "2122"]
[BlackElo "2053"]
[PlyCount "39"]
[EventDate "2014.??.??"]
[EventRounds "7"]
[EventCountry "SUI"]
[SourceDate "2014.01.01"]

1. c4 Nf6 2. g3 g6 3. Bg2 Bg7 4. Nc3 d6 5. d3 Nc6 6. e4 O-O 7. Nge2 e5 8. O-O
Nh5 9. Be3 f5 10. exf5 gxf5 11. Qd2 Nd4 12. Bg5 Qd7 13. Nxd4 exd4 14. Nd5 c6
15. Ne7+ Kh8 16. Bh3 Rf7 17. Qe2 Bf6 18. Qxh5 Bxe7 19. Qxf7 Bxg5 20. Qf8# 1-0

[Event "Schachfestival Basel 2014"]
[Site "Basel"]
[Date "2014.01.02"]
[Round "2.47"]
[White "Kamber, Adrian"]
[Black "Ramseyer, Thomas"]
[Result "1-0"]
[WhiteElo "1997"]
[BlackElo "2121"]
[PlyCount "57"]
[EventDate "2014.??.??"]
[EventRounds "7"]
[EventCountry "SUI"]
[SourceDate "2014.01.01"]

1. d4 c5 2. c3 e6 3. Nf3 Qb6 4. g3 Nf6 5. Bg2 cxd4 6. cxd4 Bb4+ 7. Nbd2 d5 8.
O-O Nc6 9. Nb1 O-O 10. a3 Be7 11. Nc3 Bd7 12. b4 Rfc8 13. Qd3 h6 14. Re1 a5 15.
b5 Na7 16. Rb1 Rc4 17. Ne5 Rxd4 18. Nxd7 Nxd7 19. Qf3 Rc4 20. Nxd5 exd5 21.
Qxd5 Rd4 22. Qxb7 Qxb7 23. Bxb7 Rb8 24. Be3 Ra4 25. Ba6 Nc5 26. Rec1 Nxa6 27.
bxa6 Rxb1 28. Rxb1 Nc6 29. Rc1 1-0